000 00289 a2200133 4500
999 _c325902
_d325902
001 90829
003 NUST
082 _a813.6 MEA
100 _aRichelle Mead
_99901
245 _aThe Golden City
_cRichelle Mead
_hEnglish
250 _a1st
260 _c2012
300 _a418p
942 _aCAE NUST
_cBK
_k813.6 MEA
_2ddc